Introduction A la mécanique des solides : Cours et exercices corrigés (notice n° 2031328)
[ vue normale ]
| 000 -LEADER | |
|---|---|
| fixed length control field | 01185cam a2200193 4500500 |
| 005 - DATE AND TIME OF LATEST TRANSACTION | |
| control field | 20260329082921.0 |
| 041 ## - LANGUAGE CODE | |
| Language code of text/sound track or separate title | fre |
| 042 ## - AUTHENTICATION CODE | |
| Authentication code | dc |
| 100 10 - MAIN ENTRY--PERSONAL NAME | |
| Personal name | Berthaud, Yves |
| Relator term | author |
| 245 00 - TITLE STATEMENT | |
| Title | Introduction A la mécanique des solides : Cours et exercices corrigés |
| 260 ## - PUBLICATION, DISTRIBUTION, ETC. | |
| Name of publisher, distributor, etc. | Dunod,<br/> |
| Date of publication, distribution, etc. | 2022.<br/> |
| 520 ## - SUMMARY, ETC. | |
| Summary, etc. | Cet ouvrage présente l’ensemble des notions abordées en mécanique des solides durant les première et deuxième années de Licence : vitesse, rotation, dérivée vectorielle, champ et composition des vitesses et des accélérations, cinématiques 2D et graphique, centre instantané de rotation, vitesse de glissement, mécanique du point. Le cours est richement illustré d'exemples sous forme d’encarts pour vous accompagner jusqu’à l’examen. Conseils méthodologiques et exercices corrigés complètent le cours. |
| 700 10 - ADDED ENTRY--PERSONAL NAME | |
| Personal name | Baron, Cécile |
| Relator term | author |
| 700 10 - ADDED ENTRY--PERSONAL NAME | |
| Personal name | Le Carrou, Jean-Loïc |
| Relator term | author |
| 700 10 - ADDED ENTRY--PERSONAL NAME | |
| Personal name | Sultan, Éric |
| Relator term | author |
| 700 10 - ADDED ENTRY--PERSONAL NAME | |
| Personal name | Haliyo, Sinan |
| Relator term | author |
| 700 10 - ADDED ENTRY--PERSONAL NAME | |
| Personal name | Le Moyne, Sylvie |
| Relator term | author |
| 856 41 - ELECTRONIC LOCATION AND ACCESS | |
| Uniform Resource Identifier | <a href="https://stm.cairn.info/introduction-a-la-mecanique-des-solides--9782100826643?lang=fr&redirect-ssocas=7080">https://stm.cairn.info/introduction-a-la-mecanique-des-solides--9782100826643?lang=fr&redirect-ssocas=7080</a> |
Pas d'exemplaire disponible.




Réseaux sociaux